Chính phủ Việt Nam 1945-2003 The Vietnamese government 1945-2003 :Facts & figures
Các tư liệu và mốc lịch sử quan trọng của Chính phủ Việt Nam trong hơn 50 năm (1945 - 2003): Chính sách và thành tựu, Chính phủ Việt Nam qua các thời kỳ (1945 - 2003), tóm tắt tiểu sử những người đứng đầu Chính phủ; TM tài liệu tham khảo tr.611...
Guardado en:
| Autor principal: | |
|---|---|
| Otros Autores: | |
| Formato: | Libro |
| Lenguaje: | Undetermined |
| Publicado: |
H.
Thông Tấn
2004
|
| Materias: | |
| Acceso en línea: | http://lrc.tdmu.edu.vn/opac/search/detail.asp?aID=2&ID=31407 |
| Etiquetas: |
Agregar Etiqueta
Sin Etiquetas, Sea el primero en etiquetar este registro!
|
| Thư viện lưu trữ: | Trung tâm Học liệu Trường Đại học Thủ Dầu Một |
|---|
| LEADER | 01216nam a2200229Ia 4500 | ||
|---|---|---|---|
| 001 | TDMU_31407 | ||
| 008 | 210410s9999 xx 000 0 und d | ||
| 082 | |a 658.4 | ||
| 090 | |b D561 | ||
| 100 | |a Dương, Đức Quảng | ||
| 245 | 0 | |a Chính phủ Việt Nam 1945-2003 | |
| 245 | 4 | |b The Vietnamese government 1945-2003 :Facts & figures | |
| 245 | 0 | |c Dương Đức Quảng...[và những người khác] biên soạn | |
| 260 | |a H. | ||
| 260 | |b Thông Tấn | ||
| 260 | |c 2004 | ||
| 300 | |a 612tr. | ||
| 520 | |a Các tư liệu và mốc lịch sử quan trọng của Chính phủ Việt Nam trong hơn 50 năm (1945 - 2003): Chính sách và thành tựu, Chính phủ Việt Nam qua các thời kỳ (1945 - 2003), tóm tắt tiểu sử những người đứng đầu Chính phủ; TM tài liệu tham khảo tr.611 | ||
| 650 | |a Chính phủ |z Việt Nam |x Lịch sử |y 1945-2003; Việt Nam |x Chính trị và chính quyền |y 1945-2003 | ||
| 700 | |a Nguyễn, Xuân Chính | ||
| 856 | |u http://lrc.tdmu.edu.vn/opac/search/detail.asp?aID=2&ID=31407 | ||
| 980 | |a Trung tâm Học liệu Trường Đại học Thủ Dầu Một | ||